Data Structures Made Simple (Record no. 13364)

MARC details
000 -LEADER
fixed length control field 00421nam a22001817a 4500
003 - CONTROL NUMBER IDENTIFIER
control field OSt
008 - FIXED-LENGTH DATA ELEMENTS--GENERAL INFORMATION
fixed length control field 250421b |||||||| |||| 00| 0 eng d
020 ## - INTERNATIONAL STANDARD BOOK NUMBER
International Standard Book Number 9788183331227
082 ## - DEWEY DECIMAL CLASSIFICATION NUMBER
Classification number 005.73 JAD
100 ## - MAIN ENTRY--PERSONAL NAME
Personal name JAIN,Satish
245 ## - TITLE STATEMENT
Title Data Structures Made Simple
250 ## - EDITION STATEMENT
Edition statement 1st Rep Ed
260 ## - PUBLICATION, DISTRIBUTION, ETC. (IMPRINT)
Place of publication, distribution, etc New Delhi
Name of publisher, distributor, etc BPB
Date of publication, distribution, etc 2025
300 ## - PHYSICAL DESCRIPTION
Extent 393
650 ## - SUBJECT ADDED ENTRY--TOPICAL TERM
Topical term or geographic name as entry element Data Structure
700 ## - ADDED ENTRY--PERSONAL NAME
Personal name SINGH,Shashi
942 ## - ADDED ENTRY ELEMENTS (KOHA)
Source of classification or shelving scheme Dewey Decimal Classification
Koha item type Text Books
Holdings
Withdrawn status Lost status Source of classification or shelving scheme Damaged status Not for loan Collection code Home library Current library Date acquired Source of acquisition Currency Cost, normal purchase price Bill Number Total Checkouts Full call number Acc. no. / Barcode Date last seen Actual Cost, discounted price Bill Date Koha item type Date last borrowed
    Dewey Decimal Classification     BCA PIET C-LIBRARY PIET C-LIBRARY 11/04/2025 Zaffa Books INR 597.00 ZBD0028   005.73 JAD BC2621 21/04/2025 435.81 11/04/2025 Reference Books  
    Dewey Decimal Classification     BCA PIET C-LIBRARY PIET C-LIBRARY 11/04/2025 Zaffa Books INR 597.00 ZBD0028 1 005.73 JAD BC2622 03/02/2026 435.81 11/04/2025 Text Books 20/01/2026
    Dewey Decimal Classification     BCA PIET C-LIBRARY PIET C-LIBRARY 11/04/2025 Zaffa Books INR 597.00 ZBD0028 1 005.73 JAD BC2623 27/12/2025 435.81 11/04/2025 Text Books 16/12/2025
    Dewey Decimal Classification     BCA PIET C-LIBRARY PIET C-LIBRARY 11/04/2025 Zaffa Books INR 597.00 ZBD0028   005.73 JAD BC2624 21/04/2025 435.81 11/04/2025 Text Books  
    Dewey Decimal Classification     BCA PIET C-LIBRARY PIET C-LIBRARY 11/04/2025 Zaffa Books INR 597.00 ZBD0028 2 005.73 JAD BC2625 04/05/2026 435.81 11/04/2025 Text Books 24/04/2026
    Dewey Decimal Classification     BCA PIET C-LIBRARY PIET C-LIBRARY 11/04/2025 Zaffa Books INR 597.00 ZBD0028 2 005.73 JAD BC2626 01/10/2025 435.81 11/04/2025 Text Books 16/09/2025
    Dewey Decimal Classification     BCA PIET C-LIBRARY PIET C-LIBRARY 11/04/2025 Zaffa Books INR 597.00 ZBD0028 3 005.73 JAD BC2627 05/12/2025 435.81 11/04/2025 Text Books 27/11/2025
    Dewey Decimal Classification     BCA PIET C-LIBRARY PIET C-LIBRARY 11/04/2025 Zaffa Books INR 597.00 ZBD0028 2 005.73 JAD BC2628 24/12/2025 435.81 11/04/2025 Text Books 19/12/2025
    Dewey Decimal Classification     BCA PIET C-LIBRARY PIET C-LIBRARY 11/04/2025 Zaffa Books INR 597.00 ZBD0028 2 005.73 JAD BC2629 20/05/2026 435.81 11/04/2025 Text Books 04/05/2026
    Dewey Decimal Classification     BCA PIET C-LIBRARY PIET C-LIBRARY 11/04/2025 Zaffa Books INR 597.00 ZBD0028   005.73 JAD BC2630 21/04/2025 435.81 11/04/2025 Text Books  

Design & Developed by: PIET Central Library
R70 Miles Stone Pattikalyana Samalkha Panipat 132102
mail ID :- [email protected], Phone No:- 0180-2569700 Ex.216